[Event "ch-USA w 2021"]
[Site "Saint Louis USA"]
[Date "2021.10.06"]
[Round "1.1"]
[White "Eswaran, Ashritha"]
[Black "Sharevich, Anna"]
[Result "1-0"]
[WhiteTitle "WIM"]
[BlackTitle "WGM"]
[WhiteElo "2244"]
[BlackElo "2276"]
[WhiteFideId "2080788"]
[BlackFideId "13503189"]
[EventDate "2021.10.06"]

1. e4 c5 2. Nf3 e6 3. d4 cxd4 4. Nxd4 Nc6 5. Nc3 d6 6. g3 Bd7 7. Nde2 Nf6 8. Bg2
Be7 9. O-O O-O 10. h3 Rc8 11. b3 Ne5 12. a4 Bc6 13. f4 Ned7 14. Nd4 Qa5 15. Bb2
Rfd8 16. Nxc6 bxc6 17. Qe1 Qb6+ 18. Kh2 e5 19. Nd1 Re8 20. Nf2 Bf8 21. Qc3 Qb8
22. Nd3 exf4 23. Rxf4 Ne5 24. Nxe5 dxe5 25. Rf5 Re6 26. Rd1 Rce8 27. Qe1 g6 28.
Rf3 Bg7 29. Bf1 Rd6 30. Bc4 Rxd1 31. Qxd1 Rd8 32. Qe2 h5 33. Bc1 Rd7 34. Qf1
Nxe4 35. Rxf7 Rxf7 36. Qxf7+ Kh7 37. Bd3 Qb4 38. c3 Qxc3 39. Bxe4 Qxc1 40. Qxg6+
Kg8 41. Qe8+ Bf8 42. Qe6+ Kh8 43. Qxe5+ Kg8 44. Qe6+ Kh8 45. Qf6+ Kg8 46. Qg6+
Bg7 47. h4 Qb2+ 48. Kh3 Qxb3 49. Qe8+ Bf8 50. Qxh5 Bg7 51. Qe8+ Bf8 52. Bf5 Qb7
53. Bd7 c5 54. Qg6+ Bg7 55. Qe6+ Kh7 56. Bc6 Qb8 57. Be4+ Kh8 58. Qg6 Kg8 59.
Bd5+ 1-0

[Event "ch-USA w 2021"]
[Site "Saint Louis USA"]
[Date "2021.10.06"]
[Round "1.2"]
[White "Paikidze, Nazi"]
[Black "Foisor, Sabina-Francesca"]
[Result "1/2-1/2"]
[WhiteTitle "IM"]
[BlackTitle "WGM"]
[WhiteElo "2374"]
[BlackElo "2205"]
[WhiteFideId "13603620"]
[BlackFideId "1212915"]
[EventDate "2021.10.06"]

1. e4 c5 2. Nc3 e6 3. Nge2 Nc6 4. g3 Nf6 5. Bg2 Be7 6. O-O a6 7. d4 cxd4 8. Nxd4
O-O 9. Be3 Qc7 10. Qe2 Nxd4 11. Bxd4 e5 12. Be3 d6 13. f4 Be6 14. Rfd1 Bg4 15.
Bf3 Bxf3 16. Qxf3 b5 17. a3 Rfe8 18. f5 d5 19. Nxd5 Nxd5 20. exd5 e4 21. Qf2 Bd6
22. c3 Re5 23. Rd2 h5 24. Kh1 Qd7 25. Rf1 Rae8 26. f6 g6 27. Rdd1 Rf5 28. Qg2
Ree5 29. Bd4 Re8 30. Rde1 Rxf1+ 31. Qxf1 Qb7 32. c4 bxc4 33. Qxc4 Rc8 34. Qe2
Re8 35. Be3 Qxd5 36. Rd1 Qc6 37. Rc1 Qd5 38. Qxa6 Be5 39. Qc6 Qxc6 40. Rxc6 Bxb2
41. a4 Ra8 42. Rc4 Bxf6 43. Rxe4 Bc3 44. Rc4 Ba5 45. Bd4 Kf8 46. Bf6 Bd8 47. Bc3
Ba5 48. Bf6 Bd8 49. Bc3 Ba5 50. Bf6 1/2-1/2

[Event "ch-USA w 2021"]
[Site "Saint Louis USA"]
[Date "2021.10.06"]
[Round "1.3"]
[White "Nemcova, Katerina"]
[Black "Zatonskih, Anna"]
[Result "1-0"]
[WhiteTitle "WGM"]
[BlackTitle "IM"]
[WhiteElo "2331"]
[BlackElo "2422"]
[WhiteFideId "322750"]
[BlackFideId "14101572"]
[EventDate "2021.10.06"]

1. d4 d5 2. Bf4 e6 3. e3 Nf6 4. Nf3 Bd6 5. Ne5 O-O 6. Nd2 c5 7. c3 b6 8. h4 Qc7
9. h5 Nc6 10. Nxc6 Qxc6 11. Bxd6 Qxd6 12. f4 a5 13. Qf3 Ba6 14. Bxa6 Rxa6 15. h6
g6 16. e4 Qe7 17. e5 Nd7 18. O-O Ra7 19. Rad1 f6 20. exf6 Nxf6 21. Rde1 cxd4 22.
cxd4 Qd6 23. Re5 Re7 24. Rfe1 Nd7 25. Rg5 Rxf4 26. Qg3 Ref7 27. Nf3 Nf8 28. Ne5
R7f6 29. Nd3 R6f5 30. Rxf5 Rf1+ 31. Rexf1 1-0

[Event "ch-USA w 2021"]
[Site "Saint Louis USA"]
[Date "2021.10.06"]
[Round "1.4"]
[White "Cervantes Landeiro, Thalia"]
[Black "Yip, Carissa"]
[Result "1/2-1/2"]
[WhiteTitle "FM"]
[BlackTitle "IM"]
[WhiteElo "2175"]
[BlackElo "2402"]
[WhiteFideId "3520498"]
[BlackFideId "2090732"]
[EventDate "2021.10.06"]

1. d4 d6 2. c4 e5 3. d5 g6 4. e4 a5 5. Nc3 Bh6 6. Bxh6 Nxh6 7. Qd2 Ng4 8. f3 Nf6
9. Bd3 Na6 10. Nge2 O-O 11. h4 c6 12. h5 Bd7 13. g4 Nb4 14. Ng3 Rc8 15. Bb1 cxd5
16. exd5 Rxc4 17. Qh6 Bxg4 18. hxg6 fxg6 19. fxg4 Rxg4 20. Nge4 Qe7 21. Nxf6+
Rxf6 22. a3 Na6 23. Bc2 Nc5 24. O-O-O Qf7 25. Qh3 Qd7 26. Kb1 Rf2 27. Rdf1 Rgf4
28. Rxf2 Qxh3 29. Rxh3 Rxf2 30. Nb5 Rf6 31. Nc7 Rf1+ 32. Ka2 Rf2 33. Kb1 Rf1+
34. Ka2 Rf2 35. Kb1 Rf1+ 1/2-1/2

[Event "ch-USA w 2021"]
[Site "Saint Louis USA"]
[Date "2021.10.06"]
[Round "1.5"]
[White "Abrahamyan, Tatev"]
[Black "Tokhirjonova, Gulrukhbegim"]
[Result "0-1"]
[WhiteTitle "WGM"]
[BlackTitle "WGM"]
[WhiteElo "2344"]
[BlackElo "2322"]
[WhiteFideId "13301918"]
[BlackFideId "14203626"]
[EventDate "2021.10.06"]

1. e4 c6 2. Nf3 d5 3. d3 g6 4. e5 Bg7 5. Bf4 Qb6 6. Nbd2 Nh6 7. Nb3 Bg4 8. h3
Bxf3 9. Qxf3 Nd7 10. d4 e6 11. g4 Ng8 12. h4 f6 13. O-O-O fxe5 14. dxe5 c5 15.
h5 O-O-O 16. h6 Bf8 17. c4 d4 18. Bg2 Be7 19. Kb1 Rf8 20. Qe4 Bd8 21. Bg3 Bc7
22. f4 Ne7 23. Nc1 Nc6 24. Nd3 Na5 25. Rc1 Rhg8 26. Bh2 Nc6 27. Bh3 Ne7 28. Rhf1
a5 29. Rf2 Rf7 30. Bg3 Rgf8 31. Bh4 Kb8 32. Bg3 Ka7 33. Re2 Ng8 34. Ne1 Nxh6 35.
Nf3 Ng8 36. Ng5 Re7 37. Bg2 Nb8 38. Rh1 h6 39. Nf3 Rg7 40. Nh4 Ne7 41. Nf3 Ng8
42. Rd2 Bd8 43. Rd3 Qc6 44. Qe2 Qe8 45. Nd2 Nc6 46. Ne4 Be7 47. Rb3 h5 48. Rb5
h4 49. Bxh4 Bxh4 50. Rxh4 Rxf4 51. Nxc5 Rgf7 52. Nd3 Nge7 53. Nxf4 Rxf4 54. Rh3
g5 55. Rhb3 Qg6+ 56. Ka1 Nd8 57. Qd2 Nec6 58. Rxa5+ Kb8 59. Rab5 Qf7 60. a3 Rf2
61. Qxg5 Rxg2 62. Ka2 Rg1 63. Qf6 Qh7 64. Rf3 Qb1+ 65. Kb3 d3 66. Qf8 d2 0-1

[Event "ch-USA w 2021"]
[Site "Saint Louis USA"]
[Date "2021.10.07"]
[Round "2.1"]
[White "Tokhirjonova, Gulrukhbegim"]
[Black "Lee, Megan"]
[Result "0-1"]
[WhiteTitle "WGM"]
[BlackTitle "WIM"]
[WhiteElo "2322"]
[BlackElo "2211"]
[WhiteFideId "14203626"]
[BlackFideId "2029618"]
[EventDate "2021.10.06"]

1. e4 e5 2. Nf3 Nc6 3. Bc4 Bc5 4. c3 Nf6 5. d3 a6 6. a4 Ba7 7. O-O d6 8. Nbd2
O-O 9. h3 h6 10. Re1 Re8 11. b4 Be6 12. Bxe6 Rxe6 13. Nf1 d5 14. Qc2 Nh5 15.
N1h2 dxe4 16. dxe4 Qe8 17. Ng4 Nf4 18. b5 axb5 19. Bxf4 exf4 20. axb5 Ne7 21.
Nd4 Bxd4 22. cxd4 Rc8 23. Qd3 Ng6 24. Nh2 Nh4 25. Kh1 Qd7 26. Rad1 Rb6 27. Rb1
Ra8 28. Rb2 f3 29. Nxf3 Nxf3 30. Qxf3 Qxd4 31. Qe2 Rd8 32. Rbb1 Qe5 33. Kg1 Rbd6
34. Rb2 Rd4 35. Rc2 Rb4 36. g3 Rd7 37. Ra2 Rxb5 38. Ra8+ Kh7 39. Qg4 Qe6 40. Qe2
Rb3 41. e5 g6 42. h4 h5 43. Qc2 Qb6 44. e6 fxe6 45. Kh1 Re7 46. Qd2 Qd6 47. Qg5
e5 48. Rf8 Kg7 49. Rf4 Rd3 50. Kg2 Qc6+ 51. Kh2 Rdd7 52. Rxe5 Rf7 53. Re8 Rxf4
54. Qxf4 Rf7 55. Qe5+ Qf6 56. f4 Qxe5 57. fxe5 Rf2+ 58. Kg1 Kf7 59. Rd8 Rc2 60.
Rd7+ Kf8 61. Kf1 b5 62. Ke1 Rc5 63. Kd2 c6 64. Rc7 b4 65. Rb7 Rb5 66. Rc7 Rd5+
67. Kc2 c5 68. e6 Re5 69. Kd3 Rxe6 70. Rxc5 Rf6 71. Ke3 Rb6 72. Kd2 b3 73. Kc1
b2+ 74. Kb1 Rb3 75. g4 hxg4 76. Rg5 Kg7 77. Rxg4 Kh6 78. Rg5 Rb4 79. Rg3 Rxh4
80. Kxb2 Rc4 81. Kb3 Rc8 82. Rg1 g5 83. Kb4 Kg6 84. Kb5 Kf5 85. Rf1+ Ke4 86. Rg1
Kf4 87. Rf1+ Ke3 88. Rg1 Rg8 89. Kc4 g4 90. Re1+ Kf2 91. Re7 g3 92. Rf7+ Ke3 93.
Re7+ Kd2 94. Rd7+ Kc2 0-1

[Event "ch-USA w 2021"]
[Site "Saint Louis USA"]
[Date "2021.10.07"]
[Round "2.2"]
[White "Yip, Carissa"]
[Black "Abrahamyan, Tatev"]
[Result "1-0"]
[WhiteTitle "IM"]
[BlackTitle "WGM"]
[WhiteElo "2402"]
[BlackElo "2344"]
[WhiteFideId "2090732"]
[BlackFideId "13301918"]
[EventDate "2021.10.06"]

1. e4 e6 2. d4 d5 3. e5 c5 4. c3 Nc6 5. Nf3 Qb6 6. Bd3 cxd4 7. O-O Bd7 8. Re1
Nge7 9. h4 a6 10. h5 h6 11. Qe2 f5 12. exf6 gxf6 13. cxd4 Nxd4 14. Nxd4 Qxd4 15.
Be3 Qe5 16. Nd2 Rg8 17. f4 Qd6 18. Qf2 Rc8 19. Rad1 Bc6 20. Bh7 Rg7 21. Ne4 Qc7
22. Bb6 dxe4 23. Bxc7 Rxh7 24. Bd6 Rg7 25. Rc1 Nf5 26. Bxf8 Kxf8 27. Rxe4 Rd8
28. Rxc6 bxc6 29. Rxe6 Ng3 30. Rxf6+ Ke7 31. Qc5+ Kxf6 32. Qe5+ Kf7 33. Qc7+ 1-0

[Event "ch-USA w 2021"]
[Site "Saint Louis USA"]
[Date "2021.10.07"]
[Round "2.3"]
[White "Zatonskih, Anna"]
[Black "Cervantes Landeiro, Thalia"]
[Result "1/2-1/2"]
[WhiteTitle "IM"]
[BlackTitle "FM"]
[WhiteElo "2422"]
[BlackElo "2175"]
[WhiteFideId "14101572"]
[BlackFideId "3520498"]
[EventDate "2021.10.06"]

1. Nf3 d5 2. d4 Nf6 3. c4 dxc4 4. Qa4+ Nbd7 5. Nc3 e6 6. e4 Be7 7. Bxc4 O-O 8.
Qc2 c5 9. e5 Nd5 10. Bxd5 exd5 11. Nxd5 cxd4 12. Qe4 Re8 13. Nxe7+ Qxe7 14. Qxd4
Nxe5 15. Nxe5 Qxe5+ 16. Qxe5 Rxe5+ 17. Be3 Be6 18. O-O Rc8 19. Bxa7 Ra5 20. Bd4
Rxa2 21. Rac1 Rxc1 22. Rxc1 Ra4 23. Bc3 h5 24. f3 b5 25. b4 Ra2 26. Ra1 Rc2 27.
Bd4 Rd2 28. Be3 Rb2 29. Bc5 g5 30. h3 g4 31. hxg4 hxg4 32. Ra8+ Kh7 33. Rh8+
Kxh8 34. Bd4+ Kh7 35. Bxb2 gxf3 36. gxf3 Kg6 37. Kf2 Kf5 38. Bd4 Kf4 39. Be3+
Kf5 40. Bd4 Kf4 41. Be3+ Kf5 42. Bd4 Kf4 1/2-1/2

[Event "ch-USA w 2021"]
[Site "Saint Louis USA"]
[Date "2021.10.07"]
[Round "2.4"]
[White "Foisor, Sabina-Francesca"]
[Black "Nemcova, Katerina"]
[Result "0-1"]
[WhiteTitle "WGM"]
[BlackTitle "WGM"]
[WhiteElo "2205"]
[BlackElo "2331"]
[WhiteFideId "1212915"]
[BlackFideId "322750"]
[EventDate "2021.10.06"]

1. d4 d5 2. c4 e6 3. Nc3 Nf6 4. Nf3 c6 5. e3 Nbd7 6. Qc2 Bd6 7. b3 O-O 8. Bb2
Qe7 9. Rd1 b6 10. Bd3 Bb7 11. O-O Rfd8 12. e4 dxe4 13. Nxe4 Nxe4 14. Bxe4 Nf6
15. Bd3 Ba3 16. Ba1 Bb4 17. Qe2 a5 18. a4 Rd6 19. Bb2 Re8 20. Ng5 h6 21. Ne4
Nxe4 22. Qxe4 f5 23. Qe5 Rdd8 24. Be2 Bd6 25. Qe3 Qc7 26. f4 c5 27. Kh1 Be4 28.
Bd3 Bb7 29. Qf2 cxd4 30. Bxd4 Bc5 31. Bxc5 bxc5 32. Bc2 Rxd1 33. Bxd1 Rd8 34.
Qe3 Be4 35. Bf3 Rd3 36. Qe1 Qxf4 37. Bxe4 Qxe4 38. Qxa5 Rxb3 39. Qxc5 Rb2 40.
Rg1 Rc2 41. a5 Rxc4 42. Qd6 Kh7 43. a6 Ra4 44. Qb6 Ra2 45. a7 f4 46. a8=Q Rxa8
47. Qf2 Ra3 48. Rf1 Re3 49. h3 Rxh3+ 50. Kg1 Rg3 51. Rd1 Qe3 52. Re1 Qxf2+ 53.
Kxf2 Re3 54. Ra1 Kg6 55. Ra5 Kf6 56. Ra8 e5 0-1

[Event "ch-USA w 2021"]
[Site "Saint Louis USA"]
[Date "2021.10.07"]
[Round "2.5"]
[White "Eswaran, Ashritha"]
[Black "Paikidze, Nazi"]
[Result "1/2-1/2"]
[WhiteTitle "WIM"]
[BlackTitle "IM"]
[WhiteElo "2244"]
[BlackElo "2374"]
[WhiteFideId "2080788"]
[BlackFideId "13603620"]
[EventDate "2021.10.06"]

1. e4 c6 2. Nc3 d5 3. Nf3 Bg4 4. h3 Bxf3 5. Qxf3 e6 6. Be2 Nf6 7. O-O Nbd7 8. d4
dxe4 9. Nxe4 Nxe4 10. Qxe4 g6 11. c4 Bg7 12. Rd1 O-O 13. Bf4 Re8 14. Qe3 Qa5 15.
Qd2 Qxd2 16. Rxd2 Rac8 17. Rc1 Nf8 18. Be3 a6 19. Bf3 f5 20. b4 Nd7 21. Rdd1 Nf6
22. a4 Bf8 23. Rb1 b5 24. cxb5 cxb5 25. Bb7 Rb8 26. Bc6 Rec8 27. axb5 axb5 28.
d5 Nxd5 29. Bxd5 exd5 30. Rxd5 Rc4 31. Bc5 Bxc5 32. Rxc5 Rxc5 33. bxc5 b4 34. c6
Rc8 35. Rxb4 Rxc6 36. Rb7 Rf6 37. Kh2 Rf7 38. Rxf7 Kxf7 39. Kg3 Kf6 40. f4 Ke6
41. Kh4 h6 42. g4 fxg4 43. hxg4 Kf6 44. Kg3 g5 45. fxg5+ Kxg5 46. Kf3 h5 47.
gxh5 Kxh5 1/2-1/2

[Event "ch-USA w 2021"]
[Site "Saint Louis USA"]
[Date "2021.10.08"]
[Round "3.1"]
[White "Cervantes Landeiro, Thalia"]
[Black "Foisor, Sabina-Francesca"]
[Result "1-0"]
[WhiteTitle "FM"]
[BlackTitle "WGM"]
[WhiteElo "2175"]
[BlackElo "2205"]
[WhiteFideId "3520498"]
[BlackFideId "1212915"]
[EventDate "2021.10.06"]

1. d4 d5 2. c4 e6 3. Nc3 a6 4. cxd5 exd5 5. Bf4 Nf6 6. e3 Bd6 7. Bg5 Be6 8. Bd3
Nbd7 9. Qc2 h6 10. Bh4 c6 11. Nge2 Qc7 12. Bg3 Bxg3 13. Nxg3 O-O 14. O-O Qd6 15.
Na4 Rfe8 16. Nc5 Nxc5 17. dxc5 Qe5 18. h3 Rad8 19. Ne2 Bc8 20. Nd4 Ne4 21. Bxe4
dxe4 22. Ne2 Rd5 23. b4 Qe7 24. Rad1 Rg5 25. Nf4 Re5 26. Rd6 Be6 27. Rfd1 Kh7
28. Nxe6 Rxe6 29. Rd7 Qg5 30. Rxf7 Rg6 31. g3 Qh5 32. Rdd7 Qxh3 33. Qb2 Qg4 34.
Qd4 h5 35. Rf4 Qh3 36. Rd8 Ree6 37. Rd6 Rxd6 38. cxd6 Qd7 39. Rf7 Qxd6 40. Rxg7+
Kh6 41. Qxd6 Rxd6 42. Rxb7 Rd1+ 43. Kg2 Ra1 44. Rb6 Rxa2 45. Rxc6+ Kg5 46. Rc5+
Kg4 47. Re5 Ra4 48. Rxe4+ Kf5 49. Rh4 Kg5 50. Kf3 Kg6 51. Rc4 Kf7 52. Rh4 Kg6
53. g4 hxg4+ 54. Rxg4+ Kf5 55. Rh4 Ke6 56. Rh5 Rxb4 57. Rh6+ Kf5 58. Rxa6 Rb5
59. e4+ Kg5 60. Ra3 Rc5 61. Rd3 Rc2 62. Rd5+ Kh4 63. Ke3 Ra2 64. f3 Ra8 65. Kf4
Rf8+ 66. Rf5 Ra8 67. Rf7 Kh3 68. Kf5 Kg3 69. f4 Ra4 70. Rb7 Ra8 71. Rb3+ Kh4 72.
Rb6 Kg3 73. e5 Rf8+ 74. Rf6 Ra8 75. Kg6 Kg4 76. e6 Ra7 77. Rf7 Ra6 78. f5 Kf4
79. Kg7 Ke5 80. e7 Ra8 81. Rf8 Ra7 82. f6 Ke6 83. Kg6 1-0

[Event "ch-USA w 2021"]
[Site "Saint Louis USA"]
[Date "2021.10.08"]
[Round "3.2"]
[White "Abrahamyan, Tatev"]
[Black "Zatonskih, Anna"]
[Result "1-0"]
[WhiteTitle "WGM"]
[BlackTitle "IM"]
[WhiteElo "2344"]
[BlackElo "2422"]
[WhiteFideId "13301918"]
[BlackFideId "14101572"]
[EventDate "2021.10.06"]

1. Nf3 Nf6 2. g3 d5 3. Bg2 g6 4. b3 Bg7 5. Bb2 O-O 6. O-O a5 7. c4 c6 8. d3 Re8
9. Nbd2 Nbd7 10. Rc1 e5 11. cxd5 cxd5 12. e4 dxe4 13. dxe4 b5 14. Qc2 Ba6 15. h3
Bh6 16. Qb1 Qb6 17. Rcd1 Nh5 18. Rfe1 Rad8 19. Nf1 b4 20. Ne3 Bxe3 21. Rxe3 f6
22. Nd2 Nc5 23. Bf1 Bb7 24. Nc4 Qc7 25. Bg2 Ng7 26. Ree1 Nge6 27. Ne3 Qf7 28.
Qc2 Ba6 29. Nd5 Rc8 30. Qb1 Nc7 31. Nxc7 Rxc7 32. Bc1 Ne6 33. Be3 Rd7 34. Rd5
Rxd5 35. exd5 Nd4 36. Qd1 Nb5 37. Bb6 Nc3 38. Qd2 Bb7 39. d6 Bxg2 40. d7 Bxh3
41. dxe8=Q+ Qxe8 42. Kh2 Be6 43. Bxa5 Bd5 44. Bxb4 g5 45. g4 Qg6 46. Qxc3 Qh6+
47. Qh3 1-0

[Event "ch-USA w 2021"]
[Site "Saint Louis USA"]
[Date "2021.10.08"]
[Round "3.3"]
[White "Lee, Megan"]
[Black "Yip, Carissa"]
[Result "1/2-1/2"]
[WhiteTitle "WIM"]
[BlackTitle "IM"]
[WhiteElo "2211"]
[BlackElo "2402"]
[WhiteFideId "2029618"]
[BlackFideId "2090732"]
[EventDate "2021.10.06"]

1. e4 c5 2. Nf3 d6 3. Bb5+ Bd7 4. Bxd7+ Qxd7 5. O-O Nc6 6. c3 Nf6 7. d4 e6 8.
Qe2 cxd4 9. cxd4 d5 10. e5 Ne4 11. Be3 Be7 12. Ne1 f5 13. f3 Ng5 14. Nd3 O-O 15.
Nd2 Nf7 16. Rfc1 b6 17. a3 a5 18. Rc3 Rfc8 19. Rac1 Nfd8 20. g4 fxg4 21. fxg4
Nf7 22. Nf3 Bd8 23. Kg2 Na7 24. h4 Rxc3 25. Rxc3 Nc6 26. Nf4 Ne7 27. Nd3 a4 28.
Qc2 Qb5 29. Nf4 Qd7 30. Nd3 Rb8 31. Kh3 Qe8 32. Nf4 Qd7 33. Nd3 Ra8 34. Kg2 1/2-1/2

[Event "ch-USA w 2021"]
[Site "Saint Louis USA"]
[Date "2021.10.08"]
[Round "3.5"]
[White "Paikidze, Nazi"]
[Black "Sharevich, Anna"]
[Result "1/2-1/2"]
[WhiteTitle "IM"]
[BlackTitle "WGM"]
[WhiteElo "2374"]
[BlackElo "2276"]
[WhiteFideId "13603620"]
[BlackFideId "13503189"]
[EventDate "2021.10.06"]

1. d4 d5 2. c4 e6 3. Nc3 Nf6 4. Nf3 Nbd7 5. Bf4 dxc4 6. e4 Bb4 7. Bxc4 Nxe4 8.
Qb3 Bxc3+ 9. bxc3 O-O 10. O-O Ndf6 11. Rfe1 b6 12. Rad1 Bb7 13. Bf1 h6 14. c4
Nh5 15. Bc1 Qf6 16. Qe3 g5 17. Ne5 Qg7 18. Qf3 f6 19. Qxh5 fxe5 20. dxe5 Nxf2
21. Rd4 Rf5 22. c5 bxc5 23. Bc4 cxd4 24. Bxe6+ Rf7 25. Bxf7+ Qxf7 26. Qxf7+ Kxf7
27. e6+ Kf6 28. Kxf2 Re8 29. Bb2 c5 30. Rc1 Kxe6 31. Rxc5 Rf8+ 32. Ke1 Rd8 33.
g3 Rd5 34. Rc7 Rd7 35. Rxd7 Kxd7 36. Bxd4 a6 37. g4 Bf3 38. Bg7 h5 39. gxh5 Bxh5
40. Kf2 Ke6 41. Kg3 Kf5 42. h4 gxh4+ 43. Kxh4 Bf7 44. a3 Bc4 45. Bf8 Bb5 46. Bc5
Bc4 47. Bf8 Bb5 48. Bc5 Bc4 49. Bf8 1/2-1/2

[Event "ch-USA w 2021"]
[Site "Saint Louis USA"]
[Date "2021.10.08"]
[Round "3.6"]
[White "Nemcova, Katerina"]
[Black "Eswaran, Ashritha"]
[Result "1/2-1/2"]
[WhiteTitle "WGM"]
[BlackTitle "WIM"]
[WhiteElo "2331"]
[BlackElo "2244"]
[WhiteFideId "322750"]
[BlackFideId "2080788"]
[EventDate "2021.10.06"]

1. d4 Nf6 2. Bf4 e6 3. e3 c5 4. Nf3 b6 5. Nbd2 Be7 6. h3 O-O 7. c3 Ba6 8. Bxa6
Nxa6 9. O-O Qc8 10. Qe2 Qb7 11. Rad1 Rac8 12. Nc4 Ne4 13. Nfd2 Nxd2 14. Rxd2 d5
15. Nd6 Bxd6 16. Bxd6 Rfd8 17. Bg3 b5 18. h4 c4 19. h5 Qe7 20. h6 g6 21. e4 Qg5
22. e5 Nc7 23. Rdd1 Qxh6 24. f3 Kf8 25. Kf2 Qg7 26. Qe3 h6 27. Rh1 g5 28. Rh5
Ke7 29. Rdh1 Rh8 30. f4 Rcg8 31. fxg5 hxg5 32. Rxh8 Rxh8 33. Rxh8 Qxh8 34. Qxg5+
Kd7 35. Bh4 Qh7 36. Qd8+ Kc6 37. Qd6+ Kb7 38. Bd8 Qf5+ 39. Kg3 Qd3+ 40. Kh2 Qh7+
41. Kg3 Qd3+ 42. Kh4 Qh7+ 43. Kg3 Qd3+ 1/2-1/2

[Event "ch-USA w 2021"]
[Site "Saint Louis USA"]
[Date "2021.10.09"]
[Round "4.1"]
[White "Zatonskih, Anna"]
[Black "Lee, Megan"]
[Result "1/2-1/2"]
[WhiteTitle "IM"]
[BlackTitle "WIM"]
[WhiteElo "2422"]
[BlackElo "2211"]
[WhiteFideId "14101572"]
[BlackFideId "2029618"]
[EventDate "2021.10.06"]

1. d4 d5 2. c4 c6 3. Nf3 Nf6 4. Qb3 dxc4 5. Qxc4 Bf5 6. g3 e6 7. Bg2 Be7 8. O-O
O-O 9. Qb3 Qb6 10. Nbd2 Nbd7 11. Nc4 Qxb3 12. axb3 Be4 13. Bf4 Bd5 14. Rfc1 Rfc8
15. Nd6 Bxd6 16. Bxd6 Ne4 17. Ne5 Nxd6 18. Nxd7 Bxg2 19. Kxg2 f6 20. Nc5 Kf7 21.
e3 Re8 22. Rd1 Re7 23. f4 Nb5 24. Kf3 h5 25. h3 Rh8 26. Ne4 Rd7 27. Nc3 a6 28.
Nxb5 axb5 29. Ke4 Rhd8 30. b4 Re7 31. g4 hxg4 32. hxg4 Rh8 33. Rh1 Rxh1 34. Rxh1
Re8 35. Ra1 f5+ 36. Kf3 Ke7 37. e4 fxe4+ 38. Kxe4 Kd6 39. Rh1 Ke7 40. Ke5 Rd8
41. Ra1 Rd5+ 42. Ke4 Rd7 43. Ra8 Kd6 44. Rg8 Rf7 45. g5 Rd7 46. Re8 Rf7 47. Ra8
Rd7 48. Rg8 Rf7 49. Re8 Kd7 50. Rh8 Kd6 51. Rg8 Rd7 52. Re8 Rf7 53. Rd8+ Kc7 54.
Rh8 Kd6 55. Rg8 1/2-1/2

[Event "ch-USA w 2021"]
[Site "Saint Louis USA"]
[Date "2021.10.09"]
[Round "4.2"]
[White "Sharevich, Anna"]
[Black "Tokhirjonova, Gulrukhbegim"]
[Result "1/2-1/2"]
[WhiteTitle "WGM"]
[BlackTitle "WGM"]
[WhiteElo "2276"]
[BlackElo "2322"]
[WhiteFideId "13503189"]
[BlackFideId "14203626"]
[EventDate "2021.10.06"]

1. d4 Nf6 2. Bf4 d5 3. e3 c5 4. Nd2 Nc6 5. Ngf3 e6 6. c3 Nh5 7. Bg5 f6 8. Bh4 g6
9. Bb5 Be7 10. dxc5 Bxc5 11. O-O O-O 12. c4 a6 13. Ba4 Be7 14. cxd5 exd5 15. Rc1
Nb4 16. Bb3 Nd3 17. Rb1 Kh8 18. Nd4 Qd6 19. Qe2 Nc5 20. Bc2 Bd7 21. g4 Ng7 22.
Bg3 Qb6 23. h4 f5 24. g5 Rae8 25. Be5 Bd6 26. Bf6 Bb8 27. f4 Kg8 28. b4 Nce6 29.
Qf2 Rxf6 30. gxf6 Nxd4 31. exd4 Qxf6 32. Bb3 Bc6 33. Rbe1 Ne6 34. Nf3 Nxf4 35.
Rxe8+ Bxe8 36. Qe3 Bb5 37. Re1 Bd6 38. a4 Bc6 39. Rf1 Nh3+ 40. Kh1 f4 41. Qd2
Qf5 42. Bc2 Qg4 43. Qg2 Qg3 44. Qxg3 fxg3 45. Kg2 Nf4+ 46. Kxg3 Nd3+ 47. Kg2
Nxb4 48. Bb3 Nd3 49. Rd1 Nb2 50. Ra1 Nc4 51. Kf2 Kg7 52. Ng5 Bd7 53. Re1 Bb4 54.
Re2 b5 55. axb5 axb5 56. Ra2 Bc3 57. Nf3 Bg4 58. Ra7+ Kf6 59. Ra6+ Ke7 60. Ra7+
Kd6 61. Rxh7 Bxf3 62. Bxc4 dxc4 63. Kxf3 b4 64. Ke4 b3 65. Rg7 Bd2 66. Rxg6+ Kc7
67. Rg1 Kc6 68. h5 Kb5 69. d5 Kc5 70. Rd1 Bg5 71. d6 c3 72. Kd3 c2 73. Rg1 Kxd6
74. Kc3 c1=Q+ 75. Rxc1 Bxc1 76. Kxb3 Ke6 77. h6 Bxh6 1/2-1/2

[Event "ch-USA w 2021"]
[Site "Saint Louis USA"]
[Date "2021.10.09"]
[Round "4.5"]
[White "Eswaran, Ashritha"]
[Black "Cervantes Landeiro, Thalia"]
[Result "1/2-1/2"]
[WhiteTitle "WIM"]
[BlackTitle "FM"]
[WhiteElo "2244"]
[BlackElo "2175"]
[WhiteFideId "2080788"]
[BlackFideId "3520498"]
[EventDate "2021.10.06"]

1. Nf3 Nf6 2. g3 d5 3. b3 g6 4. Bb2 Bg7 5. c4 c6 6. Bg2 O-O 7. O-O Re8 8. Qc2 a5
9. d4 Bf5 10. Qc1 a4 11. Nc3 axb3 12. axb3 Rxa1 13. Bxa1 Qb6 14. Qd1 dxc4 15.
bxc4 Qb4 16. Ne5 Ng4 17. Nxg4 Bxg4 18. Qd3 Rd8 19. d5 Na6 20. Rb1 Qa5 21. h3 Nc5
22. Qc2 Bd7 23. Bb2 Bf6 24. Kh2 Qa6 25. Nd1 cxd5 26. Bxf6 Qxf6 27. cxd5 Rc8 28.
Qd2 Bf5 29. Rb4 h5 30. e4 Bd7 31. f4 Qa6 32. e5 b5 33. Ne3 Qa5 34. Qd4 Na6 35.
Rb3 Qa4 36. Qb2 b4 37. f5 gxf5 38. Bf1 Rb8 39. Bxa6 Qxa6 40. Rxb4 Rxb4 41. Qxb4
Qe2+ 42. Ng2 Qxe5 43. Qb7 Qd6 44. h4 e5 45. dxe6 fxe6 46. Qa8+ Kh7 47. Qf3 Be8
48. Nf4 e5 49. Nh3 Qd2+ 50. Kg1 Qc1+ 51. Kh2 Kg6 52. Qd5 Qc2+ 53. Kg1 Qc1+ 54.
Kh2 Qb2+ 55. Kh1 Bf7 56. Qd6+ Kg7 57. Ng5 Qa1+ 58. Kh2 Qa2+ 59. Kg1 Qa7+ 60. Kg2
Qa8+ 61. Kh2 Qa2+ 62. Kg1 Qa7+ 63. Kg2 Qa8+ 64. Kh2 Qe8 65. Nf3 e4 66. Nd4 Qc8
67. Qe5+ Kg6 68. Qe7 Kg7 69. Kg2 e3 70. Qxe3 Qb7+ 71. Kh2 Qe4 72. Qg5+ Kf8 73.
Qf6 Kg8 74. Nxf5 Qe2+ 75. Kg1 Qe1+ 76. Kh2 Qf2+ 77. Kh3 Qf1+ 78. Kh2 Qf2+ 79.
Kh3 Qf1+ 80. Kh2 1/2-1/2

[Event "ch-USA w 2021"]
[Site "Saint Louis USA"]
[Date "2021.10.09"]
[Round "4.6"]
[White "Foisor, Sabina-Francesca"]
[Black "Abrahamyan, Tatev"]
[Result "1-0"]
[WhiteTitle "WGM"]
[BlackTitle "WGM"]
[WhiteElo "2205"]
[BlackElo "2344"]
[WhiteFideId "1212915"]
[BlackFideId "13301918"]
[EventDate "2021.10.06"]

1. Nf3 Nf6 2. c4 e6 3. d4 d5 4. Nc3 dxc4 5. e3 a6 6. a4 b6 7. Bxc4 Bb7 8. O-O
Bb4 9. Qe2 O-O 10. Rd1 Nbd7 11. Bd2 Qe7 12. Ne5 Nxe5 13. dxe5 Nd7 14. f4 Nc5 15.
Be1 Rfd8 16. Rd4 Bxc3 17. bxc3 Rd7 18. Qg4 Bc6 19. Bh4 Qf8 20. f5 exf5 21. Qxf5
Re8 22. Rad1 Rxd4 23. exd4 Bxa4 24. Rf1 Bb3 25. Be2 Ne6 26. Bxa6 c5 27. Bb5 Rb8
28. Qb1 c4 29. Bd7 Qa3 30. Qf5 Rf8 31. Bxe6 fxe6 32. Qxe6+ Kh8 33. Rxf8+ Qxf8
34. Qxb6 h6 35. Qd8 Qxd8 36. Bxd8 Bc2 37. d5 Be4 38. d6 Bf5 39. Kf2 Kg8 40. Ke3
Kf7 41. Kd4 Ke8 42. Be7 Be6 43. Kc5 Kf7 44. Kc6 Ke8 45. Kc7 g6 46. Bf8 h5 47.
Be7 Bf5 48. Bg5 Bd7 49. g3 Bf5 50. Kc6 Be6 51. Bh4 1-0